000 00809cam a22001934a 4500
005 20250605163939.0
008 250528s ||||||||||||||||||||||||d
035 _a14967
020 _a471306665
040 _aGR-AtMCL
_bgre
_dGR-AtMCL
_eAACR2
245 1 _aIntroducing Computers / Concepts, Systems, and Applications
260 _bJohn Wiley & Sons, Ltd,
_c1994
300 _a324
520 _aUse for Computers, Anatomy of Computing, Personal Computer Software, Input, Output, Processors and Memories, Mass Storage, Communications, Software Development, Information Systems and Databases, Computers and Society and Ethics, Buying a Personal Computer, The History of Computers, Programming Languages, Glossary.
700 1 _aBlissmer H. Robert
_9786
942 _cBK
999 _c576
_d576